<?xml version="1.0" encoding="UTF-8"?>
<record
    xmlns:xsi="http://www.w3.org/2001/XMLSchema-instance"
    xsi:schemaLocation="http://www.loc.gov/MARC21/slim http://www.loc.gov/standards/marcxml/schema/MARC21slim.xsd"
    xmlns="http://www.loc.gov/MARC21/slim">

  <leader>01342nam a22002417a 4500</leader>
  <datafield tag="952" ind1=" " ind2=" ">
    <subfield code="0">0</subfield>
    <subfield code="1">0</subfield>
    <subfield code="2">lcc</subfield>
    <subfield code="4">0</subfield>
    <subfield code="7">0</subfield>
    <subfield code="a">20</subfield>
    <subfield code="b">20</subfield>
    <subfield code="d">2015-09-18</subfield>
    <subfield code="l">1</subfield>
    <subfield code="m">1</subfield>
    <subfield code="o">GT4987.16 V14 1998</subfield>
    <subfield code="p">20 002694</subfield>
    <subfield code="r">2025-02-27</subfield>
    <subfield code="s">2025-02-13</subfield>
    <subfield code="t">1</subfield>
    <subfield code="w">2015-09-18</subfield>
    <subfield code="y">LB</subfield>
  </datafield>
  <datafield tag="999" ind1=" " ind2=" ">
    <subfield code="c">98099</subfield>
    <subfield code="d">98099</subfield>
  </datafield>
  <controlfield tag="005">20231102151851.0</controlfield>
  <controlfield tag="008">150918b1998    MX ||||| |||| 00| 0 spa d</controlfield>
  <datafield tag="020" ind1=" " ind2=" ">
    <subfield code="a">9681331192</subfield>
  </datafield>
  <datafield tag="050" ind1=" " ind2=" ">
    <subfield code="a">GT4987.16</subfield>
    <subfield code="b">V14 1998</subfield>
  </datafield>
  <datafield tag="100" ind1=" " ind2=" ">
    <subfield code="a">Vert&#xED;, Sebasti&#xE1;n </subfield>
    <subfield code="e"> , autor</subfield>
  </datafield>
  <datafield tag="245" ind1=" " ind2=" ">
    <subfield code="a">El libro cl&#xE1;sico de la navidad en M&#xE9;xico</subfield>
    <subfield code="b"> : Costumbres y tradiciones de nuestro pueblo </subfield>
    <subfield code="c"> / Sebasti&#xE1;n Verti</subfield>
  </datafield>
  <datafield tag="260" ind1=" " ind2=" ">
    <subfield code="a">M&#xE9;xico</subfield>
    <subfield code="b"> : Diana</subfield>
    <subfield code="c"> , 1998</subfield>
  </datafield>
  <datafield tag="300" ind1=" " ind2=" ">
    <subfield code="a">336 p&#xE1;ginas</subfield>
  </datafield>
  <datafield tag="337" ind1=" " ind2=" ">
    <subfield code="a">Texto</subfield>
  </datafield>
  <datafield tag="338" ind1=" " ind2=" ">
    <subfield code="a">Sin medio</subfield>
  </datafield>
  <datafield tag="500" ind1=" " ind2=" ">
    <subfield code="a">incluye &#xED;ndice y dedicator&#xED;a</subfield>
  </datafield>
  <datafield tag="505" ind1=" " ind2=" ">
    <subfield code="a">Las flores en el esplendor y grandeza de nuestra &#xE9;poca prehisp&#xE1;nica. La flor de noche buena
En M&#xE9;xico perdieron su nombre original. Los villancicos: una tradici&#xF3;n popular navide&#xF1;a
Las posadas, historia de una tradici&#xF3;n
La dulce y tierna tradici&#xF3;n: el arrullo de Jes&#xFA;s ni&#xF1;o
!Dale, dale, dale, no pierdas el tino! La pi&#xF1;ata navide&#xF1;a
Las pastorelas: ense&#xF1;anza y diversi&#xF3;n
El nacimiento
El &#xE1;rbol de naidad. Tradici&#xF3;n que M&#xE9;xivo adopt&#xF3; de los Estados Unidos de Norteam&#xE9;rica
La cocina navide&#xF1;a en M&#xE9;xico
D&#xED;a de los inocentes
A&#xF1;o Nuevo en M&#xE9;xico</subfield>
  </datafield>
  <datafield tag="519" ind1=" " ind2=" ">
    <subfield code="a">Material Complementario / </subfield>
    <subfield code="b">Gastronom&#xED;a / </subfield>
    <subfield code="d">(20 002694)</subfield>
  </datafield>
  <datafield tag="650" ind1=" " ind2="0">
    <subfield code="a">TRADICIONES MEXICANAS</subfield>
  </datafield>
  <datafield tag="650" ind1=" " ind2="0">
    <subfield code="a">NAVIDAD EN M&#xC9;XICO</subfield>
  </datafield>
  <datafield tag="942" ind1=" " ind2=" ">
    <subfield code="c">LB</subfield>
    <subfield code="2">lcc</subfield>
  </datafield>
</record>
